000 00492cam a2200145 4500500
005 20251228082903.0
041 _afre
042 _adc
100 1 0 _aKowzan, Tadeusz
_eauthor
245 0 0 _aMolière comme personnage de théâtre du XVIIe au XXe siècle
260 _c2005.
500 _a29
786 0 _nDix-septième siècle | 227 | 2 | 2005-06-01 | p. 349-354 | 0012-4273
856 4 1 _uhttps://shs.cairn.info/revue-dix-septieme-siecle-2005-2-page-349?lang=fr&redirect-ssocas=7080
999 _c1599990
_d1599990